Library Banner

The advanced numeracy test workbook (Record no. 48085)

MARC details
000 -LEADER
fixed length control field 00523nam a2200181Ia 4500
001 - CONTROL NUMBER
control field 50427
008 - FIXED-LENGTH DATA ELEMENTS--GENERAL INFORMATION
fixed length control field 140502s9999 xx 000 0 und d
020 ## - INTERNATIONAL STANDARD BOOK NUMBER
International Standard Book Number 9780749439415
040 ## - CATALOGING SOURCE
Transcribing agency PK-LaUMT
082 ## - DEWEY DECIMAL CLASSIFICATION NUMBER
Classification number 513
Item number BRY-A
100 ## - MAIN ENTRY--PERSONAL NAME
Personal name Bryon, Mike
245 #4 - TITLE STATEMENT
Title The advanced numeracy test workbook
Remainder of title review key quantative operations and practise for accouting and business tests
Statement of responsibility, etc Bryon, Mike
260 ## - PUBLICATION, DISTRIBUTION, ETC. (IMPRINT)
Place of publication, distribution, etc London,UK:
Name of publisher, distributor, etc Kogan Page,
Date of publication, distribution, etc 2004
300 ## - PHYSICAL DESCRIPTION
Extent 249 p.
546 ## - LANGUAGE NOTE
Language note EN
650 ## - SUBJECT ADDED ENTRY--TOPICAL TERM
Topical term or geographic name as entry element Numeracy-Problems
942 ## - ADDED ENTRY ELEMENTS (KOHA)
Koha item type Books
Holdings
Withdrawn status Lost status Damaged status Not for loan Home library Current library Date acquired Total Checkouts Full call number Barcode Date last seen Price effective from Koha item type
        UMT Main Campus UMT Main Campus 2014-05-02   513 BRY-A 60598 2014-05-08 2014-05-08 Books